|
|
|
|
| LEADER |
01067nam a2200289 a 4500 |
| 001 |
5841 |
| 003 |
BD-DhAAL |
| 005 |
20150106155927.0 |
| 008 |
150106s1987 caua b 000 0 eng |
| 010 |
|
|
|a 87060131
|
| 020 |
|
|
|a 0803930437 (pbk.) :
|
| 040 |
|
|
|a DLC
|c DLC
|d DLC
|d BD-DhAAL
|
| 050 |
0 |
0 |
|a H61.3
|b .S15 1987
|
| 082 |
0 |
0 |
|a 300/.28/5
|2 19
|
| 100 |
1 |
|
|a Schrodt, Philip A.,
|d 1951-
|9 7163
|
| 245 |
1 |
0 |
|a Microcomputer methods for social scientists /
|c Philip A. Schrodt.
|
| 250 |
|
|
|a 2nd ed.
|
| 260 |
|
|
|a Newbury Park, Calif. :
|b Sage Publications,
|c 1987.
|
| 300 |
|
|
|a 96 p. :
|b ill. ;
|c 22 cm.
|
| 490 |
|
|
|a Sage university papers series.Quantitative applications in the social sciences ;
|v no. 07-040
|
| 504 |
|
|
|a Includes bibliography (p. 92-95.)
|
| 541 |
|
|
|e 5841
|
| 650 |
|
0 |
|a Social sciences
|x Data processing.
|9 7164
|
| 650 |
|
0 |
|a Microcomputers.
|9 7165
|
| 942 |
|
|
|2 ddc
|c BK
|
| 999 |
|
|
|c 33403
|d 33403
|
| 952 |
|
|
|0 0
|1 0
|2 ddc
|4 0
|6 300_285000000000000_SCH
|7 0
|9 44645
|a BRACUL
|b BRACUL
|c GEN
|d 2015-01-06
|g 1045.00
|l 0
|o 300.285 SCH
|p 3010005841
|r 2015-01-06
|t 1
|w 2015-01-06
|y BK
|